000
00287nam a22001337a 4500
008
170921b xxu||||| |||| 00| 0 eng d
020
_a
0810908271
041
_a
eng
080
_a
7
100
_a
45
101
_a
ART
245
_a
A DAY IN THE COUNTRY
_c
BRETTELL,R.R
942
_2
udc
_c
BK
999
_c
28660
_d
28660